Libros de matemática a medida. tomo 3 /
Guardado en:
| Autor Principal: | |
|---|---|
| Formato: | Libro |
| Publicado: |
Villa Martelli :
Logikamente,
2007
|
| Materias: |
Estadística nivel iii
> probabilidad nivel 1
> probabilidad nivel 2
> notación científica
> introducción a función lineal
> función lineal i
> función lineal ii
> función módulo
> inecuaciones e intervalos
> sistemas de inecuaciones
> intro. funciones cuadráticas
> ecuaciones de 2º grado
> función cuadrática
> sistemas de ecuaciones i
> sistemas de ecuaciones ii
> sistemas de ecuaciones iii
> trigonometría nivel 1
> trigonometría nivel 2
|
| Etiquetas: |
Agregar Etiqueta
Sin Etiquetas, Sea el primero en etiquetar este registro!
|
| LEADER | 01036nam a22001815a 4500 | ||
|---|---|---|---|
| 001 | CEM.cems017392 | ||
| 005 | 20101204114123.0 | ||
| 008 | 130507s2007##################000#0#####d | ||
| 003 | CEMS | ||
| 020 | |a 9789872198541 | ||
| 082 | 0 | 4 | |a 510 |
| 100 | 1 | |a Pisano, Juan Pablo | |
| 245 | 1 | 0 | |a Libros de matemática a medida. tomo 3 / |c Juan Pablo Pisano |
| 260 | |a Villa Martelli : |b Logikamente, |c 2007 | ||
| 300 | |a 98 p. | ||
| 653 | |a Estadística nivel iii -- probabilidad nivel 1 -- probabilidad nivel 2 -- notación científica -- introducción a función lineal -- función lineal i -- función lineal ii -- función módulo -- inecuaciones e intervalos -- sistemas de inecuaciones -- intro. funciones cuadráticas -- ecuaciones de 2º grado -- función cuadrática -- sistemas de ecuaciones i -- sistemas de ecuaciones ii -- sistemas de ecuaciones iii -- trigonometría nivel 1 -- trigonometría nivel 2 | ||
| 859 | |a CEMS |b BIB. CEMS - Agricultura |h 510 |i P672 |p A0671.07 |t Ej.1 |v 3 |3 3 | ||
| 859 | |a CEMS |b BIB. CEMS - Agricultura |h 510 |i P672 |p A1205.10 |t Ej.2 |v 3 |3 3 | ||
